000 00814nam a2200253Ia 4500
003 OSt
005 20220923211332.0
006 a|||||r|||| 00| 0
007 ta
008 Pun
020 _a9788182991613 (hbk)
_c160
024 _a242,762
037 _b7501/I, 19/11/2009, Arsee Publishers
_cTextual
040 _aARTS
_cARTS
_bPun
041 _2Pun
_aPun
082 _aO153,3NBH4x, P8
100 _aਭੱੂਲਰ, ਜਸਬੀਹ
_9156290
245 0 _aਹੇ ਜਸਬੀਰ ਕੰਬ॥ਤ
260 _aਦਿੱਲੀ
_b ਆਹਸੀ ਪਬਲਿFਰਗ਼
_c2008
300 _a150ਪੰ
_ccm.
650 _aਪੰਜਾਬੀ ਸਾਹਿਤ
942 _hO153,3NBH4x, P8
_cTEXL
_2CC
999 _c298573
_d298573